000 00871nam a22002897a 4500
003 CHAP
005 20220329135328.0
008 971013s r 00010 d
010 _a34497
011 _a35469
035 _a39585
040 _cCHAP
090 _aFolleto 3532
245 _aMercado potencial de un tractor
_b: consideraciones preliminares
260 _a(s.l. :
_bs.e.),
_c(s.a.)
300 _a7 h
590 _aBATCH-UPD
_b10
_c20130110
_lUCH01
_h0240
590 _aBATCH-UPD
_b10
_c20130110
_lUCH01
_h1846
590 _aBATCH-UPD
_b10
_c20130409
_lUCH01
_h2306
590 _aBATCH-UPD
_b10
_c20130914
_lUCH01
_h1757
590 _aCONVERSION
_b10
_c20130109
_lUCH01
_h1319
650 1 4 _aMaquinaria agrícola
_xMercadeo.
_971184
650 1 4 _aTractores.
_9114574
901 _aBK
942 _cFOLL
949 _aFolleto 3532
_bBC
_cFOLL
_d-90241
_eTS1
_i39585
_mD
_si
999 _c34497
_d34497